| 000 | 01247cam a2200217 4500 | ||
|---|---|---|---|
| 001 | WB@3612-51 | ||
| 008 | 040908n2004 000 0 eng u | ||
| 035 | _a(Sirsi) u127293 | ||
| 245 | _aConstruction industry statistics | ||
| 260 | _c2004 | ||
| 490 |
_aDTI Press Release _v(OEC Q204) 3 September 2004 (2) |
||
| 520 | _aThe total volume of construction output in the year to the second quarter of 2004 rose by 6% compared to the previous year. Overall new work rose over the same period, as did output, which rose by 1% in volume terms but fell by 1% in current prices. Housing repair and maintenance work in the public sector was 17% higher in the year to the second quarter of 2004 compared with the previous year. In the private sector this was 2% and in the non-housing sector it was 4%. Full details available at: http://www.dti.gov.uk/construction/stats/030904/pr essrel030904.htm. http://www.gnn.gov.uk/environment/detail.asp?Relea seID=128463&NewsAreaID=2&NavigatedFromDepartment=F alse | ||
| 590 | _aWB | ||
| 590 | _aWB | ||
| 650 | _aCONSTRUCTION STATISTICS | ||
| 650 | _aCONSTRUCTION OUTPUT | ||
| 650 | _aEMPLOYMENT FIGURES | ||
| 650 | _aHOUSING STATISTICS | ||
| 690 | _aBUILDING AND CONSTRUCTION-ECONOMICS | ||
| 942 | _n0 | ||
| 999 |
_c117973 _d117973 |
||